Southville International School and Colleges
Your cart is empty.
  • Cart
  • Lists
    Public lists Eva Luna New books Lux_list list_1
    Your lists Log in to create your own lists
  • Log in to your account
  • Your cookies
  • Search history
Southville International School and Colleges
  • Advanced search
  • Recent comments
  • Most popular
  • Libraries

Log in to your account

Log in with GOOGLE


If you do not have an external account, but do have a local account, you can still log in:

  1. Home
  2. MARC view: A history of the world /
Normal view MARC view ISBD view

A history of the world / (Record no. 8774)

[ view plain ]
MARC details
000 -LEADER
fixed length control field 00773cam a2200301 a 4500
001 - CONTROL NUMBER
control field 1012209
003 - CONTROL NUMBER IDENTIFIER
control field OSt
005 - DATE AND TIME OF LATEST TRANSACTION
control field 20140310182040.0
008 - FIXED-LENGTH DATA ELEMENTS--GENERAL INFORMATION
fixed length control field 870731s1988 maua 001 0 eng
010 ## - LIBRARY OF CONGRESS CONTROL NUMBER
LC control number 87161455
020 ## - INTERNATIONAL STANDARD BOOK NUMBER
International Standard Book Number 9710845268
040 ## - CATALOGING SOURCE
Original cataloging agency DLC
Transcribing agency DLC
Modifying agency DLC
050 00 - LIBRARY OF CONGRESS CALL NUMBER
Classification number D 21
Item number .P462 1989
082 00 - DEWEY DECIMAL CLASSIFICATION NUMBER
Classification number M 909
Item number P42 1989
100 1# - MAIN ENTRY--PERSONAL NAME
Personal name Perry, Marvin.
9 (RLIN) 11095
245 12 - TITLE STATEMENT
Title A history of the world /
Statement of responsibility, etc Perry, Marvin
260 ## - PUBLICATION, DISTRIBUTION, ETC. (IMPRINT)
Place of publication, distribution, etc Boston :
Name of publisher, distributor, etc Houghton Mifflin Co.,
Date of publication, distribution, etc c1988.
300 ## - PHYSICAL DESCRIPTION
Extent 912 p. :
Other physical details ill. ;
Dimensions 25 cm.
500 ## - GENERAL NOTE
General note Includes index.
650 #0 - SUBJECT ADDED ENTRY--TOPICAL TERM
Topical term or geographic name as entry element World history.
9 (RLIN) 11096
906 ## - LOCAL DATA ELEMENT F, LDF (RLIN)
a 7
b cbc
c orignew
d 2
e ncip
f 19
g y-gencatlg
942 ## - ADDED ENTRY ELEMENTS (KOHA)
Source of classification or shelving scheme Library of Congress Classification
Koha item type
Holdings
Withdrawn status Lost status Source of classification or shelving scheme Damaged status Home library Current library Shelving location Date acquired Total Checkouts Total Renewals Full call number Barcode Date last seen Date checked out Copy number Price effective from Koha item type Source of acquisition
    Library of Congress Classification   Luxembourg Library Luxembourg Library High School Section 08/16/2013 4 5 D 21 .P462 1989 18931 06/08/2020 02/06/2020 1 08/16/2013 Books  
    Library of Congress Classification   Luxembourg Library Luxembourg Library High School Section 08/16/2013 5 2 D 21 .P462 1989 18932 01/12/2026 12/16/2025 2 08/16/2013 Books  
    Library of Congress Classification   Luxembourg Library Luxembourg Library High School Section 08/16/2013 6 5 D 21 .P462 1989 18930 09/08/2025 08/29/2025 3 08/16/2013 Books  
    Library of Congress Classification   Luxembourg Library Luxembourg Library High School Section 08/16/2013 3   D 21 .P462 1988 11777 07/10/2019 02/23/2017 4 08/16/2013 Books  
    Library of Congress Classification   Luxembourg Library Luxembourg Library High School Section 08/16/2013 3   D 21 .P462 1989 8905 02/22/2017 02/22/2017 5 08/16/2013 Books Donation
    Library of Congress Classification   Luxembourg Library Luxembourg Library High School Section 06/24/2019     D 21 .P462 1989 20709 06/24/2019     06/24/2019 Books Library Fund

A history of the world /

APA

Perry M., . (1988). A history of the world. Boston: Houghton Mifflin Co.

Chicago

Perry Marvin, . 1988. A history of the world. Boston: Houghton Mifflin Co.

Harvard

Perry M., . (1988). A history of the world. Boston: Houghton Mifflin Co.

MLA

Perry Marvin, . A history of the world. Boston: Houghton Mifflin Co. 1988.

  • Place hold
  • Print
  • Cite
  • Add to your cart (remove)
  • Save record
    BIBTEX Dublin Core MARCXML MARC (non-Unicode/MARC-8) MARC (Unicode/UTF-8) MARC (Unicode/UTF-8, Standard) MODS (XML) RIS
  • More searches
    Search for this title in:
    Other Libraries (WorldCat) Other Databases (Google Scholar) Online Stores (Bookfinder.com) Open Library (openlibrary.org)

Exporting to Dublin Core...

SOUTHVILLE LIBRARY

Southville International School and Colleges Library

1281 Tropical Ave. Cor. Luxembourg St., BF Homes International, Las Pinas City

Tel. No. 8256374 / 252358 Loc. 117/146

Powered by Koha